| 000 | 00770cam a2200241 a 4500 | ||
|---|---|---|---|
| 001 | 3558594 | ||
| 003 | ASAB | ||
| 005 | 20180827062623.0 | ||
| 008 | 970612s1993 ke a b 000 0 eng | ||
| 010 | _a 97983266 | ||
| 020 | _a978-81-261-3581-3 | ||
| 040 |
_aDLC _cASAB _dDLC |
||
| 082 | 0 | 0 |
_a639 _221 |
| 100 |
_aBy Nirmal Chandra Pradhan _91641 |
||
| 240 | _abasics of the hard sciences | ||
| 245 | 0 | 0 |
_aBasics of biodiversity : _cBiodiversity Support Program. |
| 260 |
_a[Nairobi] : _bThe Program, _cc1993. |
||
| 300 |
_axxi, 283 p. : _bill. ; _c28 cm. |
||
| 650 | 0 |
_abiodiversity _91642 |
|
| 906 |
_a7 _bcbc _corigode _d3 _encip _f19 _gy-gencatlg |
||
| 942 |
_2ddc _cBK |
||
| 999 |
_c480040 _d480040 |
||